| 000 | 00970nam a22002657a 4500 | ||
|---|---|---|---|
| 001 | 10032 | ||
| 003 | FISKH | ||
| 005 | 20260331104431.0 | ||
| 008 | 260331b cb ||||| |||| 00| 0 eng d | ||
| 020 | _a9781902249896 | ||
| 040 |
_aFISKH _beng _cFISKH _dFISKH |
||
| 082 | _a 629.4 | ||
| 100 | _aHarrison, James | ||
| 245 |
_aSpace discovery : _bPull the tabs to see the amazing scences of outer space! / |
||
| 260 |
_aLondon : _bPinwheel Children's Books, _c2004. |
||
| 300 |
_a12 unnumbered pages : _bcolor illustrations ; _c21 x 29 cm |
||
| 505 | _aG | ||
| 520 | _aIncluding detailed cut-away illustrations and fun facts and information, this book is a guide to the mysteries and wonders of space. | ||
| 521 | 8 |
_a400
_bLexile estimate |
|
| 521 | 8 |
_aG
_bRaz-Plus |
|
| 650 |
_aOuter space -- -- -- _vJuvenile literature |
||
| 650 |
_aAstronautics _vJuvenile literature |
||
| 650 |
_aSpace flight _vJuvenile literature |
||
| 942 |
_2ddc _cBK _n0 |
||
| 999 |
_c10032 _d10032 |
||